Power electronic systems: theroy and design (Record no. 170192)

000 -LEADER
fixed length control field 00371nam a2200133Ia 4500
008 - FIXED-LENGTH DATA ELEMENTS--GENERAL INFORMATION
fixed length control field 220217s9999||||xx |||||||||||||| ||und||
020 ## - INTERNATIONAL STANDARD BOOK NUMBER
International Standard Book Number 81-7808-286-1
082 ## - DEWEY DECIMAL CLASSIFICATION NUMBER
Classification number 621.381 044 AGR
100 ## - MAIN ENTRY--PERSONAL NAME
Personal name Agrawal, Jai, P
245 #0 - TITLE STATEMENT
Title Power electronic systems: theroy and design
260 ## - PUBLICATION, DISTRIBUTION, ETC.
Place of publication, distribution, etc. Pearson education asia
Name of publisher, distributor, etc. Delhi
Date of publication, distribution, etc. 2002
300 ## - PHYSICAL DESCRIPTION
Other physical details 450
650 ## - SUBJECT ADDED ENTRY--TOPICAL TERM
Topical term or geographic name entry element ELECTRONICS
Holdings
Withdrawn status Lost status Damaged status Not for loan Collection code Home library Current library Shelving location Date acquired Full call number Barcode Date last seen Price effective from Koha item type
        Electronics and Communication Engineering Central Library Central Library Reference 02/18/2022 621.381 044 AGR 5381 02/18/2022 02/18/2022 Books

Powered by Koha